000 01121cam a22003251 4500
001 3584304
003 ARRUPE
005 20240709115742.0
008 790809s1960 ilu 000 0 eng
010 _a 60000950
040 _aDLC
_cDLC
_dDLC
041 1 _aeng
_hgrc
050 0 0 _aPR-11-1
082 0 0 _a882.082
100 1 _aGrene, David,
_eed.
_937549
245 1 0 _aGreek tragedies,
_cedited by David Grene and Richmond Lattimore.
260 _a[Chicago]
_bUniversity of Chicago Press
_c[1960]
300 _a3 v.
_c21 cm.
490 0 _aPhoenix books, P41, P42, P43
500 _aContains translations of plays by Aeschylus, Sophocles and Euripides; a selection from The Complete Greek tragedies.
650 0 _aGreek drama (Tragedy)
_vTranslations into English.
_937545
650 0 _aMythology, Greek
_vDrama.
_937546
655 7 _aTragedies.
_2gsafd
_936650
700 1 _aLattimore, Richmond,
_d1906-1984,
_ejoint ed.
_937354
700 0 _aAeschylus.
_937547
700 0 _aSophocles.
_936649
700 0 _aEuripides.
_937548
906 _a7
_bcbc
_corignew
_du
_eocip
_f19
_gy-gencatlg
942 _2lcc
_cMONOGRAPH
999 _c127230
_d127230